Statystyki dla Flagi państw Europy

Kliknij tutaj aby rozwiązać quiz!

Ogólne statystyki

  • Ten quiz został rozwiązany 31 razy
    (20 od ostatniego zresetowania)
  • Średni wynik to 35 z 45

Statystyki odpowiedzi

Odpowiedź% Poprawnych
Czechy
100%
Niemcy
100%
Polska
100%
Belgia
93%
Białoruś
93%
Rosja
93%
Słowacja
93%
Ukraina
93%
Dania
87%
Estonia
87%
Francja
87%
Holandia
87%
Litwa
87%
Łotwa
87%
Rumunia
87%
Wielka Brytania
87%
Irlandia
80%
Luksemburg
80%
Mołdawia
80%
Norwegia
80%
Szwajcaria
80%
Watykan
80%
Włochy
80%
Austria
73%
Czarnogóra
73%
Finlandia
73%
Islandia
73%
Macedonia Północna
73%
Monako
73%
San Marino
73%
Szwecja
73%
Albania
67%
Andora
67%
Bośnia i Hercegowina
67%
Grecja
67%
Kosowo
67%
Malta
67%
Portugalia
67%
Serbia
67%
Słowenia
67%
Chorwacja
60%
Hiszpania
60%
Węgry
60%
Bułgaria
53%
Liechtenstein
47%

Rozkład punktacji

Percentyl według liczby udzielonych odpowiedzi

Procent ludzi z każdym wynikiem

Twoja historia wyników

Nie rozwiązałeś tego quizu od ostatniego zresetowania